000 nam a22 a 4500
999 _c402534
_d402534
003 BLK
005 20210405135515.0
008 180410b bul|||||r ||||||| ||bul||
040 _aBLK
041 _aDEU
_cDEU
080 _aМарксистко-ленинска социология
_b316.26
_z316.26
100 1 _aПлеханов, Георгий Валентинович
_eпърви автор
_9111172
139 _aПлеханов, Георгий Валентинович
245 1 0 _aDie Grundprobleme des Marxismus
_cGeorgij Valentinovič Plehanov
257 _aDEU
260 _aStuttgart
_bDietz
_c1910
300 _a112 р.
_c20 см
380 _a3
490 _9207634
_aKleine Bibiothek
_v7
650 0 _aМарксизъм-ленинизъм - философия
_9277200
852 _aЦб 3.195.14110
_bЦб
856 4 _qpdf
856 4 _qpdf
942 _cKNG
_n0
_s1
944 _aCR
_c2021-03-24
_kНР
999 _d402534